000 01613nam0a2200325 i 4500
001 RU\NLR\BIBL_A\010923750
005 20240921162620.0
010 _a9785942117375
_9100
021 _aRU
_b2015-92072
_95675
035 _a(NLR Aleph) 010923750
090 _a10689498
_c10689498
100 _a20151211d2015 k y0rusy50 ca
101 0 _arus
102 _aRU
105 _aa z 000yy
200 1 _aГравитационное обезвоживание и полевая сушка в интенсивных технологиях добычи торфа
_fЭ.А. Кремчеев
_gМ-во образования и науки Рос. Федерации, Федер. гос. бюджет. образоват. учреждение высш. проф. образования Нац. минерально-сырьевой ун-т "Горный"
210 _aСанкт-Петербург
_cРИЦ Национального минерально-сырьевого университета "Горный"
_d2015
215 _a175 с.
_cил.
_d21
320 _aБиблиогр.: с. 161-167 (108 назв.)
606 1 _aФрезерный торф
_xДобыча
_91901274
_3RU\NLR\AUTH\661155443
606 1 _aТорфяные разработки
_xОсушение
_91774164
_3RU\NLR\AUTH\66796966
606 1 _aТорф
_xОбезвоживание
_91801100
_3RU\NLR\AUTH\661105168
686 1 _aИ350.1
686 1 _aИ351
686 1 _aИ350.5
700 1 _aКремчеев
_bЭ.А.
_gЭльдар Абдоллович
942 _cBOOK
980 _aNBR